5HLuxD.jpg

KING HENRY VIII SENIOR AND PRIMARY SCHOOL LIBRARY OPAC

The haunted castle / (Record no. 2439)

000 -LEADER
fixed length control field 01586cam a2200457 a 4500
001 - CONTROL NUMBER
control field 1621699
003 - CONTROL NUMBER IDENTIFIER
control field OSt
005 - DATE AND TIME OF LATEST TRANSACTION
control field 20230601094850.0
008 - FIXED-LENGTH DATA ELEMENTS--GENERAL INFORMATION
fixed length control field 190805s2018 nyuab c 000 1 eng d
010 ## - LIBRARY OF CONGRESS CONTROL NUMBER
LC control number 2011283482
020 ## - INTERNATIONAL STANDARD BOOK NUMBER
International Standard Book Number 9780545103749
Qualifying information (pbk.) :
040 ## - CATALOGING SOURCE
Original cataloging agency KML
Language of cataloging eng
Transcribing agency KML
Description conventions aacr2
Modifying agency KH8
041 1# - LANGUAGE CODE
Language code of text/sound track or separate title eng
Language code of original ita
042 ## - AUTHENTICATION CODE
Authentication code nbic
082 ## - DEWEY DECIMAL CLASSIFICATION NUMBER
Classification number FIC STI
100 1# - MAIN ENTRY--PERSONAL NAME
Personal name Stilton, Geronomo.
Relator term Author
240 10 - UNIFORM TITLE
Uniform title Ritorno a Rocca Taccagna.
Language of a work English.
245 14 - TITLE STATEMENT
Title The haunted castle /
Statement of responsibility, etc. Geronomo Stilton ; illustrations by Claudio Cernuschi and Valentina Grassini ; translated by Julia Heim.
260 ## - PUBLICATION, DISTRIBUTION, ETC.
Place of publication, distribution, etc. New York :
Name of publisher, distributor, etc. Scholastic,
Date of publication, distribution, etc. 2018.
300 ## - PHYSICAL DESCRIPTION
Extent 109 p. :
Other physical details col. ill., col. map ;
Dimensions 20 cm.
490 1# - SERIES STATEMENT
Series statement Geronimo Stilton ;
Volume/sequential designation 46.
500 ## - GENERAL NOTE
General note Lexile 680.
500 ## - GENERAL NOTE
General note Translation of: Ritorno a rocca taccagna.
500 ## - GENERAL NOTE
General note Translated from the Italian.
520 ## - SUMMARY, ETC.
Summary, etc. Uncle Samuel S. Stingysnout invites the whole Stilton family to creepy, faraway Penny Pincher Castle for a big surprise.
521 8# - TARGET AUDIENCE NOTE
Target audience note RL3.
521 8# - TARGET AUDIENCE NOTE
Target audience note 007-010.
650 #0 - SUBJECT ADDED ENTRY--TOPICAL TERM
Topical term or geographic name entry element Mice
Form subdivision Fiction.
650 #0 - SUBJECT ADDED ENTRY--TOPICAL TERM
Topical term or geographic name entry element Haunted places
Form subdivision Fiction.
650 #0 - SUBJECT ADDED ENTRY--TOPICAL TERM
Topical term or geographic name entry element Castles
Form subdivision Fiction.
650 #0 - SUBJECT ADDED ENTRY--TOPICAL TERM
Topical term or geographic name entry element Humorous stories.
650 #0 - SUBJECT ADDED ENTRY--TOPICAL TERM
Topical term or geographic name entry element Mice
Form subdivision Juvenile fiction.
650 #0 - SUBJECT ADDED ENTRY--TOPICAL TERM
Topical term or geographic name entry element Castles
Form subdivision Juvenile fiction.
650 #0 - SUBJECT ADDED ENTRY--TOPICAL TERM
Topical term or geographic name entry element Journalists
Form subdivision Juvenile fiction.
650 #0 - SUBJECT ADDED ENTRY--TOPICAL TERM
Topical term or geographic name entry element Adventure stories.
650 #0 - SUBJECT ADDED ENTRY--TOPICAL TERM
Topical term or geographic name entry element Detective and mystery stories
Form subdivision Juvenile fiction.
700 1# - ADDED ENTRY--PERSONAL NAME
Personal name Cernuschi, Claudio.
Relator term Illustrator
700 1# - ADDED ENTRY--PERSONAL NAME
Personal name Grassini, Valentina,
Dates associated with a name 1981-
Relator term Illustrator
830 #0 - SERIES ADDED ENTRY--UNIFORM TITLE
Uniform title Geronimo Stilton ;
Volume/sequential designation 46.
942 ## - ADDED ENTRY ELEMENTS (KOHA)
Source of classification or shelving scheme
Koha item type Books - Fiction
Holdings
Withdrawn status Lost status Source of classification or shelving scheme Damaged status Not for loan Collection code Permanent Location Current Location Shelving location Date acquired Total Checkouts Total Renewals Full call number Barcode Date last seen Date last checked out Price effective from Koha item type
          Fiction KH8 Primary School Library KH8 Primary School Library Fiction 2023-06-01 24 1 FIC STI KHPL000004186 2025-12-05 2025-02-27 2023-06-01 Books - Fiction

Powered By KH8 IT Dept